Programowanie struktury przestrzennej sieci detalicznej

Guardado en:
Detalles Bibliográficos
Autor principal: Drewinski, Marek
Formato: Libro
Lenguaje:polaco
Publicado: Wroclaw Akademia Ekon. im. Oskara Langego 1982
Colección:Prace naukowe Nr. 224
Etiquetas: Agregar Etiqueta
Sin Etiquetas, Sea el primero en etiquetar este registro!

MARC

LEADER 00000nam a2200000 4500
001 c133914
005 20221220095931.1
041 0 |a pol 
044 |a PL 
245 1 0 |a Programowanie struktury przestrzennej sieci detalicznej  |c Marek Drewinski 
264 1 |a Wroclaw  |b Akademia Ekon. im. Oskara Langego  |c 1982 
300 |a 226 s. 
490 1 |a Prace naukowe  |v Nr. 224 
830 0 |a Prace naukowe  |v Nr. 224 
100 1 |a Drewinski, Marek